00527pab a2200169 454500008004000000100001600040245010100056260000900157300001500166362001200181650003800193650003500231650001100266700002800277700002500305773002700330180718b2010 xxu||||| |||| 00| 0 eng d aJoshi, P.C. aA qualitative account of the impact of disaster: The case of flooding in Bahraich, Uttar Pradesh c2010 ap.479-492. aJul-Dec aDisasters - India - Uttar Pradesh aFloods - India - Uttar Pradesh aFloods aSrivastava, Vinay Kumar aGuha-Sapir, Debarati aEastern Anthropologist